Big Five Leagues Top Goal Scorers by Season - Statistics

General Stats
  • This quiz has been taken 185 times
  • The average score is 23 of 35
Answer Stats
Answer % Correct
Cristiano Ronaldo
100%
Lionel Messi
100%
Harry Kane
99%
Kylian Mbappé
99%
Mohamed Salah
99%
Luis Suárez
97%
Robert Lewandowski
97%
Sadio Mané
97%
Jamie Vardy
96%
Sergio Agüero
93%
Zlatan Ibrahimović
89%
Didier Drogba
86%
Pierre-Emerick Aubameyang
85%
Pierre-Emerick Aubameyang
85%
Ciro Immobile
84%
Edinson Cavani
84%
Robin van Persie
83%
Carlos Tevez
61%
Edin Džeko
61%
Gonzalo Higuaín
57%
Alexandre Lacazette
56%
Olivier Giroud
55%
Dimitar Berbatov
53%
Antonio Di Natale
51%
Wissam Ben Yedder
51%
Mario Gómez
49%
Mauro Icardi
49%
Fabio Quagliarella
44%
Klaas-Jan Huntelaar
39%
Luca Toni
32%
Nenê
20%
Stefan Kießling
17%
Moussa Sow
16%
Alexander Meier
15%
Mamadou Niang
12%
No matching quizzes found
Score Distribution
Percent of People with Each Score
Percentile by Number Answered
Your Score History
You have not taken this quiz